|
|
|
|
| LEADER |
01498nam a2200229Ia 4500 |
| 001 |
TDMU_27892 |
| 008 |
210410s9999 xx 000 0 und d |
| 082 |
|
|
|a 709
|
| 090 |
|
|
|b L566
|
| 100 |
|
|
|a Lưu, Đan Thọ
|
| 245 |
|
0 |
|a Quản trị bán hàng hiện đại
|
| 245 |
|
0 |
|b Lý thuyết và tình huống thực hành ứng dụng của các công ty Việt Nam
|
| 245 |
|
0 |
|c Lưu Đan Thọ, Nguyễn Vũ Quân
|
| 260 |
|
|
|a H.
|
| 260 |
|
|
|b Tài chính
|
| 260 |
|
|
|c 2016
|
| 300 |
|
|
|a 388 tr.
|
| 520 |
|
|
|g Chương 1.
|t Tổng quan về bán hàng và quản trị bán hàng --
|g Chương 2.
|t Lập kế hoạch hay chiến lược bán hàng --
|g Chương 3.
|t Hành vi mua hàng của người tiêu dùng và tổ chức --
|g Chương 4.
|t Chiến lược bán hàng cá nhân và xúc tiến bán hàng --
|g Chương 5.
|t Thiết lập kênh và tổ chức lực lượng bán hàng --
|g Chương 6.
|t Tuyển dụng, lựa chọn, đào tạo và tạo động lực bán hàng --
|g Chương 7.
|t Dự báo, lập ngân sách, đánh giá và kiểm soát bán hàng
|
| 650 |
|
|
|a Bán hàng trực tiếp; Quản trị bán hàng; Bán hàng trực tuyến
|
| 700 |
|
|
|a Nguyễn, Vũ Quân
|
| 856 |
|
|
|u http://lrc.tdmu.edu.vn/opac/search/detail.asp?aID=2&ID=27892
|
| 980 |
|
|
|a Trung tâm Học liệu Trường Đại học Thủ Dầu Một
|